000
00295nam a22001217a 4500
040
_c
HS
082
_a
571
100
_a
ហ៊ីង ធីតា
245
_a
រុក្ខសរីរៈវិទ្យា
260
_a
RUA
_b
ហ៊ីង ធីតា
_c
2013
300
_a
232p;
942
_c
KB
999
_c
10367
_d
10367